AH International Schools' Libraries

The Karate Mouse (Record no. 49081)

MARC details
000 -LEADER
fixed length control field 00365nam a22001217a 4500
008 - FIXED-LENGTH DATA ELEMENTS--GENERAL INFORMATION
fixed length control field 250729b |||||||| |||| 00| 0 eng d
020 ## - INTERNATIONAL STANDARD BOOK NUMBER
International Standard Book Number 9781782269472
100 ## - MAIN ENTRY--PERSONAL NAME
Personal name Geronimo Stilton (Author)
9 (RLIN) 86435
245 ## - TITLE STATEMENT
Title The Karate Mouse
260 ## - PUBLICATION, DISTRIBUTION, ETC. (IMPRINT)
Place of publication, distribution, etc United Kingdom
Name of publisher, distributor, etc Sweet Cherry Publishing
Date of publication, distribution, etc 2022
300 ## - PHYSICAL DESCRIPTION
Extent 112 pages
Other physical details col. ill.
Dimensions 5.08 x 0.35 x 7.8 inches
942 ## - ADDED ENTRY ELEMENTS (KOHA)
Source of classification or shelving scheme
Holdings
Withdrawn status Lost status Source of classification or shelving scheme Damaged status Not for loan Collection code Home library Current library Date acquired Total Checkouts Full call number Barcode Date last seen Date checked out Price effective from Koha item type
          Siem Reap Asian Hope Siem Reap Asian Hope Siem Reap 07/29/2025 1 FIC GER 208988 04/23/2026 04/02/2026 07/29/2025 Book

For any Logos Library related questions please contact Miss Art at swongnarasuk@asianhope.org.

For any Asian Hope Library related questions please contact Miss Raza at graza@asianhope.org.

Powered by Koha